000 00734nam a2200265Ia 4500
003 OSt
005 20220918220549.0
006 a|||||r|||| 00| 0
007 ta
008 220917b |||||||| |||| 00| 0 eng d
024 _a146,430
037 _cTextual
040 _aARTS
_cARTS
_beng
041 _2eng
_aeng
082 _aYZ:(X:75), M3
100 _aFoster Peggy
_9137814
245 0 _aAccess to welfare
_b An introducation to welfare rationing
260 _aLondon
_bMacmillan
_c1983
300 _axiii, 209p.
_ccm.
490 _aStudies in social policy; 2
500 _aBibliography p185-202
650 _aSOCIOLOGY
942 _hYZ:(X:75), M3
_cTEXL
_2CC
999 _c269186
_d269186